000 00557nam a2200205Ia 4500
005 20250326144146.0
008 250326s9999 xx 000 0 und d
020 _a978-0-521-87928-6
037 _aTextbook
040 _aFMSL
_beng
_cFMSL
041 _aeng
_2eng
084 _aX:71 P8
_qFMSL
100 _aBoldrin M
_9749146
245 0 _aAgainst intellectual monopoly
_cBoldrin M; Levine D K
260 _aNY
_bNY, Cambridge University
_c2008
300 _a298p
365 _b1392.3
942 _cTB
_hX:71 P8
999 _c1302607
_d1302607